Word Ladder: Speed Racer's Car Quiz Stats

Quiz Updated Sep 26, 2017

Challenge
Share
Tweet
Embed
Score 0/14 Timer 01:30
2 Plays Today
Hint 4-Letter Word % Correct
German composer Johann SebastianBACH
97.5%
Slang for a dollarBUCK
97.3%
Behind or in rear ofBACK
97%
Twain's FinnHUCK
95.2%
Bruce Banner's alter-ego HULK
94.6%
To increase in size, like muscles, with 'up'BULK
94.4%
Plunge into a poolDIVE
93.7%
Hint 4-Letter Word % Correct
Paella or sushi ingredientRICE
93.6%
Chop finely into cubesDICE
93.5%
Speed trial between runners or carsRACE
93.3%
Chop with a macheteHACK
92.5%
It holds wine or pool ballsRACK
91.7%
• With last rung, Speed Racer's car ••MACH•
65.3%
• With first rung, Speed Racer's car ••FIVE•
62%

Today's Daily Dose

Missing Word
1971 Movies A-Z

Word Ladder
Complete Tour

Quick Pick
Logo Colors

On This Day
January 19th

You're not logged in!

Compare scores with friends on all Sporcle quizzes.
Sign Up with Email
OR
Log In

You Might Also Like...

Show Comments

Extras

Top Quizzes Today


Score Distribution

Your Account Isn't Verified!

In order to create a playlist on Sporcle, you need to verify the email address you used during registration. Go to your Sporcle Settings to finish the process.